00922nam a2200193 a 450000100100000000500170001000800410002702000180006804000250008608200190011111000510013024500870018126000460026830000270031495201310034195201170047295201220058999900170071100004466420201002045534.0141215s2012 dr a 000 0 spa d a9789945883213 aDO-SdBNPbspacBNPHU axxxxxxbxxxxxx1 aRepública Dominicana.bPoder Judicial91599210aJusticia y Comunidad :b¿qué es el poder judicial de la República Dominicana? aSanto Domingo :bAmigo del hogaar,c2012. a74 p. :bil. ;c28 cm. 001054708DSaGRbGRcHDd2014-12-15iLF1l0oxxxxxx xxxxxxp44664-30r2020-06-25te.3w2020-06-25yLFDSZPréstamo en sala 0010718PDaPDbPDcHDd2014-12-15iLF1l0oxxxxxx xxxxxxp44664-10r2020-06-25w2020-06-25yLFPDZNo se presta 0010718PDaPDbPDcHDd2014-12-15iLF1l0oxxxxxx xxxxxxp44664-20r2020-06-25te.2w2020-06-25yLFPDZNo se presta c44153d44153